000 00629nam a2200229 i 4500
001 6004
003 ES-MaACL
005 20251120063118.0
007 t|
008 890622s1988 sp ||||1| spa d
020 _a84-321-2455-9
080 _a86-14"19"
080 _a86(Delgado,J.7 C.01)
100 1 _aDelgado, Jaime,
_d1923-1993
_9168244
245 1 4 _aLas calles ; y Otros recuerdos /
_cJaime Delgado.
260 _aMadrid :
_bRialp,
_c1988.
300 _a59 p. ;
_c18 cm.
490 1 _aAdonais ;
_v456
830 0 0 _aAdonĂ¡is
_v456
_9173743
852 _aES-MaACL
_jJ-23-456
_bR.116431
999 _c6004
_d6004